000 00343nam a2200145Ia 4500
008 230718s9999 xx 000 0 und d
041 _aEng.
082 _a348.22
_bZAI-I
100 _aZaidi, Prof. Wasif
245 0 _ainterpretation of statues
260 _aPakistan
_bInseen low book
_c2003
300 _a207
650 _aLaw
999 _c26908
_d26908